| 000 -LEADER |
| fixed length control field |
00808nam a2200205Ia 4500 |
| 001 - CONTROL NUMBER |
| control field |
2194 |
| 003 - CONTROL NUMBER IDENTIFIER |
| control field |
GE_BSU |
| 005 - DATE AND TIME OF LATEST TRANSACTION |
| control field |
20221018145447.0 |
| 008 - FIXED-LENGTH DATA ELEMENTS--GENERAL INFORMATION |
| fixed length control field |
181216s1960ru xx |||||||||||||| ||rus|| |
| 040 ## - CATALOGING SOURCE |
| Transcribing agency |
GE_BSU |
| 041 ## - LANGUAGE CODE |
| Language code of text/sound track or separate title |
rus |
| 080 ## - UNIVERSAL DECIMAL CLASSIFICATION NUMBER |
| Universal Decimal Classification number |
821.112.22 09 Л-72 |
| 245 ## - TITLE STATEMENT |
| Title |
Фридрих Шиллук / |
| Statement of responsibility, etc. |
Л.Лозинская, |
| 264 ## - PRODUCTION, PUBLICATION, DISTRIBUTION, MANUFACTURE, AND COPYRIGHT NOTICE |
| Place of production, publication, distribution, manufacture |
Москва : |
| Name of producer, publisher, distributor, manufacturer |
Молодая Гвардия, |
| Date of production, publication, distribution, manufacture, or copyright notice |
1960. |
| 300 ## - PHYSICAL DESCRIPTION |
| Extent |
335 с.: |
| Other physical details |
21 см. |
| 600 ## - SUBJECT ADDED ENTRY--PERSONAL NAME |
| Source of heading or term |
Жизнь замечательных людей. Серия Биографий основана в 1933 году М. Горьким. Вып.7ю(297) |
| 653 ## - INDEX TERM--UNCONTROLLED |
| keyword |
გამოჩენილი ადამიანების ცხოვრება. |
| 700 ## - ADDED ENTRY--PERSONAL NAME |
| Personal name |
Лозинская, Л. |
| Dates associated with a name |
რედაქტორი |
| 9 (RLIN) |
15356 |
| 942 ## - ADDED ENTRY ELEMENTS (KOHA) |
| Koha item type |
წიგნი |
| Source of classification or shelving scheme |
|